| 000 | 00000nam 2200000zi 4500 |
| 001 | 9.927794 |
| 003 | CaOODSP |
| 005 | 20250107144059 |
| 006 | m o d f |
| 007 | cr ||||||||||| |
| 008 | 230926t20232023onca os f000 0 eng d |
| 020 | |a9780660680835 |
| 040 | |aCaOODSP|beng|erda|cCaOODSP |
| 043 | |an-cn--- |
| 086 | 1 |aHP40-284/2021E-PDF |
| 245 | 00|aChlamydia, gonorrhea and infectious syphilis in Canada : |b2021 surveillance data update. |
| 264 | 1|a[Ottawa] : |bPublic Health Agency of Canada = Agence de la santé publique du Canada, |c[2023] |
| 264 | 4|c©2023 |
| 300 | |a1 online resource (1 page) : |bcolour illustrations |
| 336 | |atext|btxt|2rdacontent |
| 337 | |acomputer|bc|2rdamedia |
| 338 | |aonline resource|bcr|2rdacarrier |
| 500 | |aIssued also in French under title: Chlamydia, gonorrhée et syphilis infectieuse au Canada : mise à jour des données de surveillance de 2021. |
| 650 | 0|aChlamydia infections|zCanada|vStatistics. |
| 650 | 0|aGonorrhea|zCanada|vStatistics. |
| 650 | 0|aSyphilis|zCanada|vStatistics. |
| 655 | 7|aStatistics|2lcgft |
| 710 | 2 |aPublic Health Agency of Canada, |eissuing body. |
| 775 | 08|tChlamydia, gonorrhée et syphilis infectieuse au Canada : |w(CaOODSP)9.927795 |
| 795 | |tChlamydia, gonorrhea and infectious syphilis in Canada, 2020.|w(CaOODSP)9.919335 |
| 856 | 40|qPDF|s895 KB|uhttps://publications.gc.ca/collections/collection_2024/aspc-phac/HP40-284-2021-eng.pdf |
| 856 | 4 |qHTML|sN/A|uhttps://www.canada.ca/en/public-health/services/publications/diseases-conditions/chlamydia-gonorrhea-infectious-syphilis-2021-surveillance-data.html |
| 986 | |a230461 |